000 00622nam a2200205 a 4500
001 3603
003 CDMR
005 20151022134202.0
008 130130s1963||||||||||||||||||||||||||||d
040 _aCDMR
_bcat
_cCDMR
100 1 _aCohen, Bernard C.
_92570
245 1 4 _aThe press and foreign policy
_cBernard C. cohen
260 _aPrinceton
_c1963
_bPrinceton University Press
300 _a288 p.
490 0 _aBooks from the Center of International Studies
650 0 4 _94228
_aEstats Units d'Amèrica
_xPolítica i govern
650 0 4 _93470
_aPremsa i política
650 0 4 _93994
_aPolítica mundial
942 _cMON
_2udc
999 _c3603
_d3603